000 00684nam a2200229 4500
001 148450
003 ES-MaACL
005 20250815150618.0
007 t|
008 070214s1977 sp r ||||1| spa d
020 _a84-306-1147-9
100 1 _aStravinsky, Igor.
_9139612
245 1 0 _aPoética musical /
_cIgor Strawinsky ; [versión del francés por Eduardo Grau].
260 _a[Madrid] :
_bTaurus,
_c[1977] (
_fVelograf)
300 _a137 p. ;
_c21 cm.
490 1 _aEnsayistas ;
_v147
650 7 _aEstética musical
_2embne
_912548
700 1 _aGrau, Eduardo.
_959728
830 1 _aEnsayistas ;
_v147
_9177257
852 _aES-MaACL
_jA-6535
999 _c148450
_d148450